000 00371nam a2200133Ia 4500
008 220204s9999 xx 000 0 und d
082 _a552:665.71
_bDUM;1
100 _aBULANI, Alter
245 0 _aOxidation of petrochemicals: Chemistry and technology
260 _aLondon
_bApplied Science
_c1974
650 _aPetrochemicals
700 _aDUMAS, Theodore
942 _cBK
999 _c35449
_d35449